000 00935nam a22003137a 4500
001 BR0501063
003 BR-BrBNA
005 20230928101825.0
007 ta
008 230509b bl.||||| |||| 00| 0 por d
040 _aBR-BrBNA
_bpor
_cBiblioteca Nacional de Agricultura
041 _a(Por)
072 _aN20; C10
_b4500
090 _ 4500 BR0501063
100 1 _aMoraes, A.B. de
100 1 _aSouza, A.A. de
110 1 _aServiço Nacional de Aprendizagem Rural, Brasília, DF (Brasil)
245 1 _aTrabalhador na operação e na manutenção de motosserras; operação de motosserras
_bColeção SENAR nº 82
260 3 _aBrasília, DF (Brasil):
_c2004.
300 _a115 p.
500 _a206 illus.
650 _aSERRA ELÉTRICA
650 _aMANEJO
650 _aENSINO AGRÍCOLA
650 _aPREVENÇÃO DE ACIDENTE
650 _aTRABALHADOR RURAL
909 _a202309
_bLucia
_c55
_dLucia Elande
942 _cBK
999 _c67760
_d67760